000 00629nac a22002171u 4500
010 _a001315559
020 _a0333521986
082 _a291
_bFRA
090 _c9357
_d9357
100 _aFrazer, James George, 854-194
245 _aThe golden bough:
_b a study in magic and Religion /
_c by J.G. Frazer ...
260 _aLondon :
_bPapermac., C.1900.
_c C.1900.
300 _a756
_b23 cm.
500 _aDistributer: Al-Ahram.
511 _aCatalogued By: Mahitab.
650 _aMythology.
650 _aReligion.
650 _aMagic.
650 _aSuperstition.
942 _cBB
_k291FRA
999 _c9357
_d9357